Aký je ideálny formát obchodného centra?

Saved in:
Bibliographic Details
Main Author: Kubašová, Miroslava (Author)
Other Authors: Zatrochová, Monika (Thesis advisor)
Format: Manuscript Book
Language:Slovak
Published: 2015
Subjects:
Online Access:http://is.stuba.sk/zp/portal_zp.pl?podrobnosti=113212
Tags: Add Tag
No Tags, Be the first to tag this record!

MARC

LEADER 00000ntm a22000003a 4500
001 stuzp53024
003 SK-STU
005 20160719154344.0
007 ta
008 150427s2015----xo-----f-mn---000-0-slo-d
040 |a STU  |b slo 
041 0 |a slo 
100 1 |a Kubašová, Miroslava  |u 902024  |4 aut  |U Ústav manažmentu STU  |T ÚM - Oddelenie manažmentu chemických a potravinárskych technológií  |X 44292  |U R2024  |Y 408  |7 44292 
242 0 1 |a What Is Model of the Ideal Shopping Centre ?  |y eng 
245 1 0 |a Aký je ideálny formát obchodného centra? 
260 |c 2015 
650 4 |a mix zákazníkov  |2 slo 
650 4 |a obchodné centrum  |2 slo 
650 4 |a životný cyklus obchodného centra  |2 slo 
650 4 |a mix nájomcov  |2 slo 
650 4 |a the shopping centre  |2 eng 
650 4 |a the life cycle shopping centre  |2 eng 
650 4 |a tenants mix  |2 eng 
650 4 |a customer mix  |2 eng 
700 1 |a Zatrochová, Monika  |4 ths  |X 1700  |7 1700 
856 4 |u http://is.stuba.sk/zp/portal_zp.pl?podrobnosti=113212 
SQL |a stuzp53024  |b DDP  |c SLO  |d Aký je ideálny formát obchodného centra?  |e 44292  |f Kubašová, Miroslava  |g 902024  |h 1700  |i Zatrochová, Monika  |j 20150609  |k 761  |l 04  |m http://is.stuba.sk/zp/portal_zp.pl?podrobnosti=113212  |n I-RTP  |o 5.2.18. chemické technológie